Εξηγώντας τα μαθηματικά στις κόρες μου

Αποθηκεύτηκε σε:
Λεπτομέρειες βιβλιογραφικής εγγραφής
Κύριος συγγραφέας: Guedj, Denis
Άλλοι συγγραφείς: Κυριαζόπουλος, Νάσος (Μεταφραστής)
Μορφή: Βιβλίο
Γλώσσα:Greek
French
Δημοσίευση: Αθήνα : Κέδρος, c2008.
Θέματα:
Ετικέτες: Προσθήκη ετικέτας
Δεν υπάρχουν, Καταχωρήστε ετικέτα πρώτοι!

MARC

LEADER 00000cam a2200000 i 4500
001 1/36322
008 130906s2008####gr | ||| |||| ||gre||
020 |a 97896004383104 
035 |l 10115619 
040 |a GR-MyUA  |b gre  |e AACR2 
041 1 |a gre  |h fre 
082 0 |a 510  |2 (22) 
100 1 |a Guedj, Denis. 
245 1 0 |a Εξηγώντας τα μαθηματικά στις κόρες μου /   |c Ντενί Γκετζ ; μετάφραση Νάσος Κυριαζόπουλος.  
260 |a Αθήνα :   |b Κέδρος,   |c c2008.  
300 |a 146 σ. ;   |c 21 εκ.  
650 0 0 |a Mathematics. 
700 1 |a Κυριαζόπουλος, Νάσος,  |e trl 
852 |a INST  |b SAMOS  |e 20130906  |h 510 GUE  |p 005300040498  |q 005300040498  |t BK  |y 0 
901 |a BIBL3-2013-3 
909 |a Σ  |b 179289 
922 |a 3ΕΛΗ  |b 201306  |c ΤΜΗΜΑ ΜΑΘΗΜΑΤΙΚΩΝ  |d BEST BOOK HUMTERS 
970 |a ΚΟΣΙΕΡΗΣ  |b ΧΡΗΣΤΟΣ  |z 2013/09/06